Discurso de recepción del señor D. Rufino Blanco Fombona como individuo de número de la Academia Nacional de la Historia el 27 de setiembre de 1939 (Record no. 34226)

MARC details
000 -LEADER
campo de control de longitud fija 00699nam a2200181 i 4500
001 - NÚMERO DE CONTROL
campo de control 34226
003 - IDENTIFICADOR DE NÚMERO DE CONTROL
campo de control ES-MaACL
005 - FECHA Y HORA DE LA ÚLTIMA TRANSACCIÓN
campo de control 20250928102040.0
007 - CAMPO FIJO DE DESCRIPCIÓN FÍSICA--INFORMACIÓN GENERAL
campo de control de longitud fija t|
008 - DATOS DE LONGITUD FIJA--INFORMACIÓN GENERAL
campo de control de longitud fija 030204s1939 ve ||||1| spa d
100 1# - ENTRADA PRINCIPAL--NOMBRE DE PERSONA
Nombre de persona Blanco Fombona, Rufino,
Fechas asociadas al nombre 1874-1944
9 (RLIN) 29251
245 10 - MENCIÓN DEL TÍTULO
Título Discurso de recepción del señor D. Rufino Blanco Fombona como individuo de número de la Academia Nacional de la Historia el 27 de setiembre de 1939
Resto del título : la inteligencia en Bolívar /
Mención de responsabilidad, etc. Rufino Blanco Fombona.
260 ## - PUBLICACIÓN, DISTRIBUCIÓN, ETC.
Lugar de publicación, distribución, etc. Caracas :
Nombre del editor, distribuidor, etc. [s.n.,
Fecha de publicación, distribución, etc. 1939] (
Fabricante Tip. Americana)
300 ## - DESCRIPCIÓN FÍSICA
Extensión 42 p. ;
Dimensiones 24 cm.
600 14 - PUNTO DE ACCESO ADICIONAL DE MATERIA--NOMBRE DE PERSONA
Nombre de persona Bolívar, Simón,
Fechas asociadas al nombre 1783-1830
9 (RLIN) 29964
852 ## - LOCALIZACIÓN
Ubicación ES-MaACL
Número de control de estantería 1819-F-24
Sublocalización o colección R.18004
Holdings
Estatus retirado Estado de pérdida Estado de daño No para préstamo Colección Biblioteca de origen Biblioteca actual Ubicación en estantería Fecha de adquisición Fuente de adquisición Total de préstamos Signatura topográfica completa Código de barras Visto por última vez Precio de reemplazo Tipo de ítem Koha
        Colección de folletos Biblioteca del Ateneo de Madrid Biblioteca del Ateneo de Madrid Depósito folletos 17/01/2008     1819-F-24 1035689 23/02/2023 23/02/2023 Folleto